| 000 | 00333nam a22001337a 4500 | ||
|---|---|---|---|
| 005 | 20250901165818.0 | ||
| 008 | 250402b |||||||| |||| 00| 0 eng d | ||
| 020 | _a9789966368041 | ||
| 050 | _aPR 8704 .64 2011 | ||
| 245 |
_aJANGA LA WEREVU _cMOHAMED SAID |
||
| 260 |
_aKENYA _bLONGHOEN PUBLISHERS _c2011 |
||
| 300 | _a87 | ||
| 942 | _2lcc | ||
| 999 |
_c9535 _d9535 |
||